Terms and Characteristics of Homogeneous Ignition of Coal-Water Particles Coated with a Water Film; European Physical Journal Web of Conferences (EPJ Web of Conferences); Vol. 110 : Thermophysical Basis of Energy Technologies

Detalhes bibliográficos
Parent link:European Physical Journal Web of Conferences (EPJ Web of Conferences)
Vol. 110 : Thermophysical Basis of Energy Technologies.— 2016.— [01058, 4 p.]
Autor Corporativo: Национальный исследовательский Томский политехнический университет (ТПУ) Институт природных ресурсов (ИПР) Кафедра иностранных языков (ИЯПР)
Outros Autores: Syrodoy S. V. Semen Vladimirovich, Gutareva N. Yu. Nadezhda Yurievna, Taburchinov R. I., Bugaeva K. A.
Resumo:Title screen
The problem of coal-water fuel ignition of particles in a high-temperature heating has been solved numericallyin the framework of a two-layer model of "coal-water". The basic characteristics of the integrated ignition has been shown. The influence of the vaporization process of the water film on the ignition conditions has been shown.
Idioma:inglês
Publicado em: 2016
Assuntos:
Acesso em linha:http://dx.doi.org/10.1051/epjconf/201611001058
http://earchive.tpu.ru/handle/11683/33393
Formato: Recurso Electrónico Capítulo de Livro
KOHA link:https://koha.lib.tpu.ru/cgi-bin/koha/opac-detail.pl?biblionumber=647714

MARC

LEADER 00000nla2a2200000 4500
001 647714
005 20250505142522.0
035 |a (RuTPU)RU\TPU\network\12860 
035 |a RU\TPU\network\12856 
090 |a 647714 
100 |a 20160420a2016 k y0engy50 ba 
101 0 |a eng 
105 |a y z 100zy 
135 |a drgn ---uucaa 
181 0 |a i  
182 0 |a b 
200 1 |a Terms and Characteristics of Homogeneous Ignition of Coal-Water Particles Coated with a Water Film  |f S. V. Syrodoy [et al.] 
203 |a Text  |c electronic 
300 |a Title screen 
320 |a [References: 16 tit.] 
330 |a The problem of coal-water fuel ignition of particles in a high-temperature heating has been solved numericallyin the framework of a two-layer model of "coal-water". The basic characteristics of the integrated ignition has been shown. The influence of the vaporization process of the water film on the ignition conditions has been shown. 
461 0 |0 (RuTPU)RU\TPU\network\7958  |t European Physical Journal Web of Conferences (EPJ Web of Conferences) 
463 0 |0 (RuTPU)RU\TPU\network\12773  |t Vol. 110 : Thermophysical Basis of Energy Technologies  |o Proceedings of the Conference, October 13-15, 2015, Tomsk, Russia  |f National Research Tomsk Polytechnic University (TPU) ; eds. G. V. Kuznetsov [et al.]  |v [01058, 4 p.]  |d 2016 
610 1 |a электронный ресурс 
610 1 |a труды учёных ТПУ 
610 1 |a воспламенение 
610 1 |a водоугольные частицы 
610 1 |a пленки 
610 1 |a водоугольное топливо 
701 1 |a Syrodoy  |b S. V.  |c specialist in the field of thermal engineering  |c Professor of Tomsk Polytechnic University, Doctor of Technical Sciences  |f 1988-  |g Semen Vladimirovich  |3 (RuTPU)RU\TPU\pers\35117  |9 18392 
701 1 |a Gutareva  |b N. Yu.  |c linguist  |c Associate Professor of Tomsk Polytechnic University, Candidate of pedagogical sciences  |f 1979-  |g Nadezhda Yurievna  |3 (RuTPU)RU\TPU\pers\31044  |9 15274 
701 1 |a Taburchinov  |b R. I. 
701 1 |a Bugaeva  |b K. A. 
712 0 2 |a Национальный исследовательский Томский политехнический университет (ТПУ)  |b Институт природных ресурсов (ИПР)  |b Кафедра иностранных языков (ИЯПР)  |3 (RuTPU)RU\TPU\col\18662 
801 2 |a RU  |b 63413507  |c 20161121  |g RCR 
850 |a 63413507 
856 4 |u http://dx.doi.org/10.1051/epjconf/201611001058 
856 4 0 |u http://earchive.tpu.ru/handle/11683/33393 
942 |c CF